00675nam a2200157 a 450000100100000000500170001000800410002704000250006810000310009324500540012424601350017826000550031330000210036895201110038999900170050000003836620201002031235.0130409s1981 xxu 000 0 spa d aDO-SdBNPbspacBNPHU1 aPaxton, Geoffrey J.96472313aEl zarandeo del adventismo /cGeoffrey J. Paxton.14aEl zarandeo del adventismo:binforme documentado de la crisis interna adventista sobre la doctrina de la justificación por la fe aMichigan :bCasa Bautista de Publicaciones,c1981. a172 p. ;c23 cm. 001050718MOaGRbGRcCTd2013-04-09iLF1l0o p38366-10r2020-06-25te. 3w2020-06-25y1ZNo se presta c37856d37856